MARC
| LEADER | 00000cam a2200000 a 4500 | ||
|---|---|---|---|
| 001 | 033914 | ||
| 003 | UAHC_CL | ||
| 005 | 20170803123702.0 | ||
| 008 | 120607b xx j 000 1 eng | ||
| 040 | |a UAHC_CL |c UAHC_CL |d UAHC_CL | ||
| 100 | 1 | |a Benjamin, Walter |d 1892-1940 | |
| 245 | 1 | 3 | |a El narrador / |c Walter Benjamin. |
| 900 | |a FONDECYT | ||
| 942 | |c BK | ||
| 952 | |0 0 |1 0 |4 0 |6 FONDECYT |7 0 |8 General |9 64721 |a BC |b BC |c General |d 2017-08-03 |l 0 |m 3 |o FONDECYT |p 1405299 |q 2018-01-11 |r 2017-08-03 00:00:00 |t 1 |w 2017-08-03 |y BK | ||
| 999 | |c 33914 |d 33914 | ||